000 00561nam a2200181Ia 4500
008 090123s9999 xx 000 0 und d
082 _b3822
_a891.463/साधू
100 _aसाधू अरुण
245 _aमुंबई दिनांक
250 _a1
260 _bमॅजेस्टिक प्रकाशन
_c1974
300 _a268
600 _aसाधू अरुण
630 _aमुंबई दिनांक
700 _aसाधू अरुण
730 _aमुंबई दिनांक
942 _cBOOK
999 _c41898
_d41898